Most streamed songs in the second half of the 10s - Statistics

General Stats
  • This quiz has been taken 18 times
  • The average score is 11 of 21
Answer Stats
Year Artist Streams Answer % Correct
2019 The Weeknd 5.135.875.702 Blinding Lights
86%
2017 The Chainsmokers & Coldplay 3.409.689.634 Something Just Like This
79%
2019 Tones And I 3.352.192.072 Dance Monkey
71%
2017 Ed Sheeran 4.641.970.723 Shape Of You
71%
2017 Imagine Dragons 3.646.691.637 Believer
64%
2016 The Chainsmokers ft. Halsey 3.483.310.524 Closer
64%
2018 Post Malone & Swae Lee 4.021.751.235 Sunflower
64%
2018 Lewis Capaldi 4.127.593.896 Someone You Loved
57%
2016 The Weeknd ft. Daft Punk 4.202.088.727 Starboy
57%
2019 Harry Styles 3.135.888.127 Watermelon Sugar
57%
2017 Ed Sheeran 3.708.578.511 Perfect
50%
2017 Post Malone ft. 21 Savage 3.278.225.358 Rockstar
50%
2019 Shawn Mendes & Camila Cabello 3.167.336.802 Señorita
50%
2019 Dua Lipa 3.083.911.951 Don't Start Now
43%
2016 Drake ft. Wizkid & Kyla 3.875.731.246 One Dance
43%
2019 Taylor Swift 3.141.890.877 Cruel Summer
36%
2018 Billie Eilish & Khalid 3.537.800.142 Lovely
36%
2018 Juice Wrld 3.008.540.048 Lucid Dreams
36%
2016 James Arthur 3.457.837.120 Say You Won't Let Go
36%
2015 Lord Huron 3.420.086.806 The Night We Met
36%
2016 The Weeknd 3.032.097.198 Die For You
14%
No matching quizzes found
Score Distribution
Percent of People with Each Score
Percentile by Number Answered
Your Score History
You have not taken this quiz